|
|
|
|
| LEADER |
01168nam a2200325 a 4500 |
| 001 |
c000378578 |
| 003 |
CARM |
| 005 |
19991125212159.0 |
| 008 |
750701s1975 enkaf b 001 0 eng |
| 010 |
|
|
|a 75315505 //r922
|a 75315505
|
| 015 |
|
|
|a GB***
|
| 019 |
1 |
|
|a 268964
|z 27527636
|5 LACONCORD2021
|
| 020 |
|
|
|a 0413276104 :
|c £9.75
|
| 035 |
|
|
|a (OCoLC)1431539
|5 LACONCORD2021
|
| 040 |
|
|
|a LC
|b eng
|c LC
|d LC
|
| 043 |
|
|
|a e-uk---
|
| 050 |
0 |
0 |
|a HD5366
|b .R46
|
| 082 |
0 |
0 |
|a 331.89/25/0941
|
| 100 |
1 |
|
|a Renshaw, Patrick,
|d 1936-
|
| 245 |
1 |
4 |
|a The General Strike /
|c Patrick Renshaw.
|
| 260 |
|
|
|a London :
|b Eyre Methuen,
|c 1975.
|
| 300 |
|
|
|a 301 p., [6] leaves of plates :
|b ill. ;
|c 24 cm.
|
| 500 |
|
|
|a Includes index.
|
| 504 |
|
|
|a Bibliography: p. [287]-292.
|
| 650 |
|
0 |
|a General Strike, Great Britain, 1926.
|
| 650 |
|
0 |
|a Trade-unions
|x Coal miners
|z Great Britain
|x History.
|
| 651 |
|
0 |
|a Great Britain
|x Social conditions.
|
| 852 |
8 |
|
|b CARM
|h A1:AL08D0
|i C10369
|p 0445673
|f BK
|
| 999 |
f |
f |
|i a4efcc7e-304d-502e-8155-ba653d6c6a68
|s 42909ca5-e373-5391-9b2b-4c1f6d665ade
|
| 952 |
f |
f |
|p Can circulate
|a CAVAL
|b CAVAL
|c CAVAL
|d CARM 1 Store
|e C10369
|f A1:AL08D0
|h Other scheme
|i book
|m 0445673
|